Некоторые вопросы теории катастроф: роман

Detalhes bibliográficos
Autor principal: Пессл М. Мариша
Outros Autores: Лахути М. Майя (переводчик)
Resumo:Дебютный роман от автора "Ночного кино" — пожалуй, одного из самых удивительных бестселлеров последних лет. Но прогремела на весь мир Мариша Пессл еще с первым своим романом, отправив несколько глав литературному агенту своего кумира Джонатана Франзена и присовокупив следующее описание: «Эта книга не будет похожа ни на что, что вы читали в этом году: забавная, энциклопедическая и безумно амбициозная история о любви и потере, молодости и старении, ужасе и предательстве». Далее — договор с издательством, предложившим беспрецедентно высокий для молодого начинающего автора аванс, первые строчки в списках бестселлеров, перевод на множество языков. Итак, познакомьтесь с новой героиней нашего времени — Синь Ван Меер. Она нечеловечески эрудированна в области литературы, философии и науки, может наизусть продекламировать число «пи» до шестьдесят пятого знака после запятой и объехала с отцом-профессором (по совместительству — записным сердцеедом) огромное количество городов по всей стране — но в шестнадцать лет жизнь ее необратимо изменится вследствие неких драматических событий...
Idioma:russo
Publicado em: Москва, Иностранка, 2016
coleção:Большой роман
Assuntos:
Formato: MixedMaterials Livro
KOHA link:https://koha.lib.tpu.ru/cgi-bin/koha/opac-detail.pl?biblionumber=684578

MARC

LEADER 00000nam0a2200000 4500
001 684578
005 20260304130037.0
010 |a 978-5-389-10176-0 
090 |a 684578 
100 |a 20260129d2016 m||y0rusy50 ca 
101 1 |a rus  |c eng 
102 |a RU 
105 |a y z 000ay 
181 0 |a i   |b  e  
182 0 |a n 
183 0 |a nc  |2 RDAcarrier 
200 1 |a Некоторые вопросы теории катастроф  |e роман  |f Мариша Пессл  |g пер. с англ. М. Лахути 
203 |a Текст  |b визуальный  |c непосредственный 
210 |a Москва  |c Иностранка  |c Азбука-Аттикус  |d 2016 
215 |a 669 с. 
225 1 |a Большой роман 
283 |a volume  |2 RDAcarrier 
330 |a Дебютный роман от автора "Ночного кино" — пожалуй, одного из самых удивительных бестселлеров последних лет. Но прогремела на весь мир Мариша Пессл еще с первым своим романом, отправив несколько глав литературному агенту своего кумира Джонатана Франзена и присовокупив следующее описание: «Эта книга не будет похожа ни на что, что вы читали в этом году: забавная, энциклопедическая и безумно амбициозная история о любви и потере, молодости и старении, ужасе и предательстве». Далее — договор с издательством, предложившим беспрецедентно высокий для молодого начинающего автора аванс, первые строчки в списках бестселлеров, перевод на множество языков. Итак, познакомьтесь с новой героиней нашего времени — Синь Ван Меер. Она нечеловечески эрудированна в области литературы, философии и науки, может наизусть продекламировать число «пи» до шестьдесят пятого знака после запятой и объехала с отцом-профессором (по совместительству — записным сердцеедом) огромное количество городов по всей стране — но в шестнадцать лет жизнь ее необратимо изменится вследствие неких драматических событий... 
606 |a Американская литература (англо-язычная литература)  |9 52349 
610 1 |a художественная литература 
610 1 |a романы 
610 1 |a проза 
675 |a 82  |v 4 
700 1 |a Пессл  |b М.   |g Мариша 
702 1 |4 730  |a Лахути  |b М.  |g Майя 
801 0 |a RU  |b 63413507  |c 20260202 
850 |a 63413507 
942 |c BK